000 00325nam a22001217a 4500
003 OSt
008 250224b |||||||| |||| 00| 0 eng d
041 _aeng
100 _aPeter McHoy
_97243
245 _aGardening in Small Spaces (Gardener's Planning Box)
260 _aLondon:
_bHermes Hou , Annes Publishing Ltd
942 _cBK
999 _c19447
_d19447